Gaming Quiz

Random Gaming or Minecraft Quiz

Minecraft Ores Quiz Stats

 Plays Quiz Updated May 1, 2020

Support Sporcle.
Go Orange.
Score 0/10 Timer 04:00
79 Plays Today
% Correct
Iron
97.1%
Gold
96.3%
Diamond
96.2%
Coal
91.8%
Redstone
88.6%
Emerald
80.1%
Lapis Lazuli
76.5%
Nether Quartz
57.9%
Ancient Debris
43.4%
Nether Gold
40.2%

You're not logged in!

Compare scores with friends on all Sporcle quizzes.
OR
Log In

From the Vault

States That Border Nevada

by scole9179

What happens in this quiz, stays in this quiz.
Remove Ads.
Support Sporcle.
Get the best of Sporcle when you Go Orange. This ad-free experience offers more features, more stats, and more fun while also helping to support Sporcle. Thank you for becoming a member.

Show Comments

Extras

Top Quizzes Today


Score Distribution

Your Account Isn't Verified!

In order to create a playlist on Sporcle, you need to verify the email address you used during registration. Go to your Sporcle Settings to finish the process.

Report this User

Report this user for behavior that violates our Community Guidelines.

Details: